000 01159nam a22002537a 4500
005 20170124102948.0
010 _aB-072217
020 _c225.00
_a8187339361
035 _aB-072217
037 _bCen Lib/Ret
040 _aDPL
_bHN
082 _a822
_bजाँचज
245 _aजाँच जारी है :
_cसम्पादक चन्द्रमणि सिंह
_bतथा अन्य हास्य एवं व्यंग नाटकों का संकलन /
246 _aJaanch jaari hai : tatha any hasye ewam vyang natkon ka sanklan /
_bedited by Chandramani Singh
260 _aजयपुर
_bजवाहर कला केंद्र
_c2000
270 _bजयपुर
_a79, चौड़ा रास्ता
300 _a148पृ.
_c21सेमी (सजिल्द)
650 _aहिन्दी -- साहित्य
_950508
650 _aहिन्दी -- नाटक
_91413
650 _aHindi -- literature
_950509
650 _aHindi - Play
_950510
700 _aचन्द्रमणि सिंह
_950511
942 _2ddc
_cHN
_h822
_mजाँचज
999 _c113077
_d113077